Pentium processor family : developer's manual V3 : operating system writer's guide (Record no. 172043)
[ view plain ]
| 000 -LEADER | |
|---|---|
| fixed length control field | 00509nam a2200145Ia 4500 |
| 008 - FIXED-LENGTH DATA ELEMENTS--GENERAL INFORMATION | |
| fixed length control field | 231217s9999 xx 000 0 und d |
| 041 ## - LANGUAGE CODE | |
| Language code of text/sound track or separate title | English |
| 082 ## - DEWEY DECIMAL CLASSIFICATION NUMBER | |
| Classification number | 621.38195 INTI7.3;1 R |
| 100 ## - MAIN ENTRY--PERSONAL NAME | |
| Personal name | Intel |
| 245 #0 - TITLE STATEMENT | |
| Title | Pentium processor family : developer's manual V3 : operating system writer's guide |
| 260 ## - PUBLICATION, DISTRIBUTION, ETC. | |
| Date of publication, distribution, etc. | 1996 |
| Name of publisher, distributor, etc. | Intel |
| 300 ## - PHYSICAL DESCRIPTION | |
| Extent | xx+Index-16 |
| 650 ## - SUBJECT ADDED ENTRY--TOPICAL TERM | |
| Topical term or geographic name entry element | Pentium,processor,family,:,User's,manual,V2,:,82496/82497,cache,controller,82491/82492,cache,SRAM,data,packaging,database |
| 942 ## - ADDED ENTRY ELEMENTS (KOHA) | |
| Koha item type | Books |
| Date last seen | Total checkouts | Full call number | Accession number | Price effective from | Category | Lost status | Damaged status | Department | Withdrawn status | Home library | Current library | Shelving location | Entry date | Grants | Billdate | Currency symbol | Conversion rate | Discount | Old discount |
|---|---|---|---|---|---|---|---|---|---|---|---|---|---|---|---|---|---|---|---|
| 26/01/2024 | 621.38195 INTI7.3;1 R | 27777 | 26/01/2024 | Books | Central Library | Central Library | Central Library | Central Library | 30/04/2004 | DONATED | 01/02/2006 | RS | 1 |
